00317nam a2200145Ia 45000030006000000080041000060400015000471000018000622450009000802500006000892600039000953000006001345460014001400050017001540STCL150530s9999 xx 000 0 und d aSTCLcSTCL aBalamaniyamma aAmma a4 bVanneri Book ; Punnayurkulamc1944 a0 aMalayalam20220125170740.0